000 00774nam a2200253 a 4500
001 41752
003 BD-RjUL
005 20211209053438.0
008 160605s1964 nyu b 001 0 eng
035 _a64-11221
035 _a(BD-RjUL)41870
040 _aDLC
_cHIR
_dOCL
_dm.c
_dBD-RjUL
_beng
041 _aeng
082 _a323.2
_bINT 1964
245 0 0 _aInternal war :
_bproblems and approaches /
_cHarry Eckstein, editor.
260 _aNew York :
_bFree Press ;
_aLondon :
_bCollier-Macmillan,
_cc1964.
300 _ax, 339 p. ;
_c21 cm.
504 _aIncludes bibliographical references and index.
650 0 _aGovernment, Resistance to.
_9128125
650 0 _aRevolutions.
_9128261
700 1 _aEckstein, Harry.
_9128262
942 _2ddc
_cBK
999 _c41752
_d41752